History Quiz

Random History or War Quiz

Who fought in the Great Northern War Quiz Stats

 Plays Quiz not verified by Sporcle

Challenge
Share
Tweet
Embed
Score 0/15 Timer 10:00
0 Plays Today
Hints Country (nation, city-state) % Correct
Original combatantSweden
100%
Original combatantRussia
97.3%
A 'united' kingdomDenmark-Norway
93.3%
At one time a very large dual kingdomPoland-Lithuania
89.3%
Think pre-1800 Act of UnionGreat Britain
88%
Think pre-1871 German historyPrussia
82.7%
Think of a modern country that Denmark might easiest attack via landHolstein-Gottorp
81.3%
Did termites eat their footwear?United Provinces
66.7%
Hints Country (nation, city-state) % Correct
Invaders into southeast EuropeOttoman Empire
64%
Think pre-1707 Act of UnionEngland
57.3%
Riders from the steppeCossack Hetmanate
54.7%
A portion of the former East GermanyElectorate of Saxony
52%
Where did the George's originally come from?Electorate of Hanover
50.7%
Think of invaders who came from the east, way east (well, not Japan)Kalmyk Khanate
38.7%
Shares its name with a modern bowling alleys companyBrunswick-Lüneburg
16%

You're not logged in!

Compare scores with friends on all Sporcle quizzes.
Join for Free
OR
Log In

You Might Also Like...

Show Comments

Extras

Top Quizzes Today


Score Distribution

Your Account Isn't Verified!

In order to create a playlist on Sporcle, you need to verify the email address you used during registration. Go to your Sporcle Settings to finish the process.

Report this User

Report this user for behavior that violates our Community Guidelines.

Details: